| 000 | 00727cam a2200241 a 4500 | ||
|---|---|---|---|
| 001 | 97 | ||
| 003 | BR-CuiBMT | ||
| 005 | 20231031234148.0 | ||
| 008 | 230811b2021 mgb 000 0 por d | ||
| 020 | _a9786555180954 | ||
| 040 |
_aBR-CuiBMT _cBR-CuiBMT |
||
| 080 |
_22007 _a347.736:347.918 |
||
| 090 |
_a347.736:347.918 _bL936c _c2021 |
||
| 100 | 1 | _aLuchesi, Janine Silva Cabral | |
| 245 | 1 | 2 |
_aA coexistência entre a falência e a arbitragem e seus efeitos / _cJanine Silva Cabral Luchesi. |
| 260 |
_aBelo Horizonte : _bFórum, _c2021. |
||
| 300 |
_a123 p. ; _c22 cm |
||
| 504 | _aInclui bibliografia. | ||
| 650 | _aDireito empresarial | ||
| 650 | _aDireito falimentar | ||
| 650 | _aArbitragem empresarial | ||
| 942 |
_2udc _cLV |
||
| 999 |
_c97 _d97 |
||